[Event "Défi"]
[Site "www.echecsemail.com"]
[Date "2026.02.10"]
[Round "1"]
[White "Tinenfant"]
[Black "Chomi64"]
[WhiteElo "1860"]
[BlackElo "1880"]
[Result "0-1"]
1.e4 d5
2.exd5 Ng8f6
3.c4 c6
4.dxc6 Nb8xc6
5.Ng1f3 e5
6.Nb1c3 Bc8f5
7.d3 Bf8c5
8.Bf1e2 O-O
9.O-O Rf8e8
10.a3 a6
11.Bc1g5 Bc5e7
12.Ra1c1 Qd8c7
13.Bg5xf6 Be7xf6
14.Nc3d5 Qc7d8
15.Nd5xf6 Qd8xf6
16.Rf1e1 Ra8d8
17.Qd1b3 Qf6e7
18.h3 Rd8d7
19.Qb3c3 Nc6d4
20.Nf3xd4 Rd7xd4
21.g4 Bf5c8
22.Be2f3 Qe7f6
23.Bf3g2 Re8d8
24.Rc1d1 Qf6d6
25.Re1e3 b6
26.Kf1 Bc8e6
27.b3 Rd8c8
28.Rd1e1 f6
29.Bg2e4 b5
30.Re1c1 bxc4
31.bxc4 Qd6c5
32.Qc3b2 Qc5c7
33.c5 Rc8b8
34.Qb2c3 Rb8b3
35.Qc3c2 Rb3xa3
36.Rc1b1 Be6d5
37.Be4xd5 Rd4xd5
38.c6 Ra3a5
39.Rb1b7 Qc7c8
40.Qc2c4 Ra5c5
41.Qc4b3 Qc8xc6
42.Rb7b8 Kf7
43.Rb8b7 Kf8
44.Re3e1 Rc5b5
45.Rb7xb5 Rd5xb5
46.Qb3a3 Kf7
47.Re1c1 Qc6b6
48.Ke2 Rb5b2
49.Kd1 Qb6xf2
{ abandon }0-1

[Event "Tournoi n27401"]
[Site "www.echecsemail.com"]
[Date "2026.02.10"]
[Round "1"]
[White "Kiki24"]
[Black "Odemevol"]
[WhiteElo "1870"]
[BlackElo "1950"]
[Result "0-1"]
1.c4 c5
2.g3 Nb8c6
3.Bf1g2 Ng8f6
4.Ng1f3 d5
5.cxd5 Nf6xd5
6.O-O e5
7.Nb1c3 Nd5f6
8.d3 Bf8e7
9.Bc1g5 O-O
10.a3 h6
11.Bg5d2 a6
12.e3 Qd8xd3
13.Nc3e2 Bc8e6
14.Bd2c3 e4
15.Nf3e1 Qd3xd1
16.Ra1xd1 Be6b3
17.Rd1d2 Ra8d8
18.Ne2f4 Rd8xd2
19.Bc3xd2 Bb3c4
20.Ne1d3 exd3
21.Rf1c1 Bc4b5
22.Rc1c3 Rf8d8
23.f3 Nf6d5
24.Nf4xd5 Rd8xd5
25.f4 Rd5d7
26.e4 Nc6d4
27.Kf2 b6
28.e5 f6
29.exf6 Be7xf6
30.Rc3c1 Nd4b3
31.Rc1d1 Bf6xb2
32.Rd1b1 Bb2d4
33.Ke1 Rd7e7
34.Kd1 Nb3xd2
35.Kxd2 Re7e2
{ abandon }0-1

[Event "Défi( 10J+24H/c 10J Max )"]
[Site "www.echecsemail.com"]
[Date "2026.02.10"]
[Round "1"]
[White "Pourquoipas"]
[Black "Matsonic"]
[WhiteElo "1630"]
[BlackElo "1800"]
[Result "1-0"]
1.f4 d5
2.Ng1f3 e6
3.e3 Ng8f6
4.Bf1d3 Bf8e7
5.O-O O-O
6.b3 c5
7.Qd1e1 Nb8c6
8.Bc1b2 d4
9.Bd3b5 Bc8d7
10.Bb5xc6 Bd7xc6
11.Qe1g3 Nf6e4
12.Qg3g4 Be7f6
13.Nf3e5 Bf6xe5
14.fxe5 b5
15.d3 Ne4g5
16.Nb1d2 dxe3
17.Nd2f3 Ng5xf3
18.gxf3 h6
19.Ra1e1 Qd8g5
20.Qg4xg5 hxg5
21.Re1xe3 Ra8d8
22.f4 gxf4
23.Rf1xf4 g6
24.Rf4h4 Kg7
25.Bb2c1 Rd8d4
26.Rh4xd4 cxd4
27.Re3h3 Rf8h8
28.Rh3g3 a5
29.Bc1g5 Kf8
30.Rg3g4 Rh8h5
31.h4 Bc6d5
32.Rg4xd4 b4
33.Kf1 Ke8
34.Ke1 Kd7
35.Kd2 Kc6
36.c3 bxc3
37.Kxc3 Rh5h8
38.a3 Rh8c8
39.Kb2 Rc8b8
40.b4 axb4
41.Rd4xb4 Rb8a8
42.Rb4f4 Ra8a7
43.a4 Ra7b7
44.Kc3 Kd7
45.Rf4xf7 Kc6
46.Rf7f6 Kc5
47.Rf6xg6 Rb7b3
48.Kc2 Rb3a3
49.Bg5e3 Kc6
50.h5 Ra3xa4
51.h6 Ra4a2
52.Kc3 Ra2h2
53.Rg6g7 Rh2h3
54.Be3g5 Bd5e4
55.Kd2 Rh3xd3
56.Ke2 Rd3h3
57.Rg7f7 Kd5
58.Bg5f4 Be4f3
59.Kf2 Bf3h5
60.Rf7g7 Rh3f3
61.Ke1 Rf3xf4
62.h7 Rf4e4
63.Kf2 Re4f4
64.Ke1 Rf4e4
65.Kf2 Re4e2
66.Kf1 Re2h2
67.Rg7d7 Ke4
68.Kg1 Bh5g6
69.Kxh2 Bg6xh7
70.Rd7xh7 Kxe5
71.Rh7h3 Kf5
72.Rh3f3 Ke5
73.Kg3 { abandon }1-0

[Event "Défi( 10J+24H/c 10J Max )"]
[Site "www.echecsemail.com"]
[Date "2026.02.10"]
[Round "1"]
[White "Luc20"]
[Black "Titit1"]
[WhiteElo "1820"]
[BlackElo "1450"]
[Result "1-0"]
1.d4 d5
2.Ng1f3 Nb8c6
3.Bc1f4 Bc8f5
4.c3 Nc6b4
5.cxb4 Ng8f6
6.e3 h6
7.h3 Qd8d7
8.Nf3e5 Qd7e6
9.Nb1c3 O-O-O
10.g4 Bf5h7
11.b5 Nf6d7
12.Bf1g2 f6
13.Ne5d3 Nd7b6
14.Nd3c5 Qe6f7
15.a4 Nb6c4
16.Qd1e2 f5
17.a5 g5
18.Bf4h2 Kb8
19.b3 Nc4d6
20.Bg2xd5 e6
21.Nc5xe6 Rd8c8
22.Ne6xg5 Qf7e7
23.Ng5xh7 Qe7xh7
24.Bd5e6 Rc8e8
25.Be6c4 Nd6xc4
26.bxc4 Bf8g7
27.Nc3d5 Bg7xd4
28.Nd5xc7 Re8e7
29.Nc7e6 Kc8
30.Ne6xd4 Rh8e8
31.Nd4xf5 Re7d7
32.O-O h5
33.Rf1d1 Rd7d8
34.f3 hxg4
35.hxg4 Rd8xd1
36.Ra1xd1 Qh7h8
37.Nf5d6 Kc7
38.Nd6xe8 Kc8
39.Ne8d6 Kd8
40.Nd6f7 Ke8
41.Nf7xh8 Kf8
42.Qe2d3 Kg7
43.Qd3g6 Kf8
44.Qg6f7 1-0

[Event "Tournoi n27426"]
[Site "www.echecsemail.com"]
[Date "2026.02.10"]
[Round "1"]
[White "Verson"]
[Black "Desaintfegor"]
[WhiteElo "1830"]
[BlackElo "1800"]
[Result "0-1"]
1.d4 d5
2.Ng1f3 Ng8f6
3.e3 e6
4.Bf1d3 Bf8d6
5.O-O O-O
6.Nb1d2 c5
7.c3 c4
8.Bd3c2 Rf8e8
9.e4 dxe4
10.Nd2xe4 Bd6e7
11.Qd1e2 b5
12.Bc1g5 Bc8b7
13.Ra1e1 Nb8d7
14.Bg5f4 Bb7d5
15.Nf3e5 Nf6xe4
16.Bc2xe4 Be7d6
17.Qe2h5 g6
18.Qh5h6 Bd6f8
19.Qh6h3 Bd5xe4
20.Re1xe4 Nd7f6
21.Re4e3 Nf6h5
22.Qh3f3 Nh5xf4
23.Qf3xf4 Qd8c7
24.Re3h3 Bf8g7
25.Rf1e1 Ra8c8
26.Qf4h4 h6
27.Ne5g4 h5
28.Ng4f6 Bg7xf6
29.Qh4xf6 Qc7e7
30.Qf6f4 Kg7
31.Qf4g3 Re8h8
32.Qg3e5 Qe7f6
33.Qe5xb5 Rh8d8
34.Rh3f3 Rd8d5
35.Qb5b7 Rd5f5
36.Rf3xf5 Qf6xf5
37.Qb7xc8 Qf5b5
38.Re1e2 Qb5f5
39.h3 Qf5b1
40.Kh2 Qb1xa2
41.Qc8c7 Qa2a6
42.d5 exd5
43.Qc7e5 f6
44.Qe5c7 Kh6
45.Qc7f4 g5
46.Qf4f5 Qa6d6
47.g3 Kg7
48.Re2e6 Qd6f8
49.Re6d6 Qf8xd6
50.Qf5f3 h4
51.Qf3e3 a6
52.Qe3a7 Kg6
53.Kg2 Qd6e6
54.Qa7d4 Qe6e4
55.Qd4xe4 dxe4
56.g4 f5
57.f3 e3
58.Kf1 f4
59.Ke2 Kf6
60.Kd1 a5
61.Kc2 a4
62.Kd1 Ke5
63.Kc2 Kd5
64.Kd1 Kc5
65.Kc2 Kb5
66.Kd1 a3
67.bxa3 Ka4
{ abandon }0-1

[Event "Coupe Niveau 7"]
[Site "www.echecsemail.com"]
[Date "2026.02.10"]
[Round "1"]
[White "Jmarcboury"]
[Black "Guig47"]
[WhiteElo "2240"]
[BlackElo "2210"]
[Result "1-0"]
1.d4 d5
2.c4 e6
3.Nb1c3 Ng8f6
4.Bc1g5 Bf8e7
5.e3 O-O
6.Ng1f3 a6
7.cxd5 exd5
8.Bf1e2 Bc8e6
9.O-O Nb8d7
10.Nf3e5 Nd7xe5
11.dxe5 Nf6d7
12.Bg5xe7 Qd8xe7
13.f4 f5
14.Nc3xd5 Qe7c5
15.Be2f3 Be6xd5
16.Qd1xd5 Qc5xd5
17.Bf3xd5 Kh8
18.Bd5xb7 Ra8b8
19.Bb7c6 Rf8d8
20.Rf1d1 Nd7c5
21.Rd1xd8 Rb8xd8
22.Ra1c1 Nc5e6
23.b4 g5
24.g3 Rd8d2
25.a4 gxf4
26.gxf4 Kg7
27.Bc6b7 Rd2b2
28.Bb7c8 Kf7
29.Rc1c6 Ne6g7
30.Rc6xc7 Kg6
31.Bc8xa6 Rb2xb4
32.Ba6c4 Rb4xa4
33.Rc7c6 Kh5
34.Bc4e2 { abandon }1-0

[Event "Tournoi échelle division 1"]
[Site "www.echecsemail.com"]
[Date "2026.02.10"]
[Round "1"]
[White "Luc20"]
[Black "Nbelnico"]
[WhiteElo "1850"]
[BlackElo "1660"]
[Result "1-0"]
1.d4 d5
2.Bc1f4 Bc8f5
3.Ng1f3 Nb8c6
4.c3 e6
5.h3 h6
6.Nb1d2 Bf8e7
7.e3 a6
8.b4 Be7f6
9.Nf3e5 Nc6xe5
10.dxe5 Bf6g5
11.Bf4h2 Bg5e7
12.Nd2f3 f6
13.Bf1d3 Bf5xd3
14.Qd1xd3 fxe5
15.Nf3xe5 Be7f6
16.Qd3g6 Ke7
17.Qg6f7 Kd6
18.Ne5g6 e5
19.Ng6xh8 Ng8e7
20.Nh8g6 Ne7xg6
21.Qf7xg6 Qd8e7
22.O-O Ra8f8
23.Rf1d1 c6
24.a4 Kc7
25.Qg6f5 Kb6
26.Qf5c2 Ka7
27.b5 Rf8c8
28.bxa6 Kxa6
29.Kf1 Bf6g5
30.Qc2d3 Ka7
31.c4 e4
32.Qd3d4 Ka8
33.Rd1b1 Bg5f6
34.Qd4b6 Bf6xa1
35.Qb6a5 1-0

[Event "GIRL"]
[Site "www.echecsemail.com"]
[Date "2026.02.10"]
[Round "1"]
[White "Titit1"]
[Black "Tartu"]
[WhiteElo "1420"]
[BlackElo "1720"]
[Result "0-1"]
1.e4 e5
2.Ng1f3 Nb8c6
3.Nb1c3 Ng8f6
4.Bf1c4 Bf8e7
5.Nf3g5 O-O
6.a3 d6
7.O-O Nc6d4
8.Nc3e2 Nd4xe2
9.Qd1xe2 h6
10.Ng5f3 Bc8g4
11.h3 Bg4xf3
12.Qe2xf3 a6
13.d3 b5
14.Bc4a2 c5
15.Qf3e2 Rf8e8
16.c4 bxc4
17.Ba2xc4 d5
18.exd5 Nf6xd5
19.Qe2g4 Nd5f6
20.Qg4e2 Be7d6
21.Bc1d2 e4
22.Qe2d1 exd3
23.Bc4xd3 Bd6h2
24.Kxh2 Qd8xd3
25.f3 Nf6d5
26.Rf1f2 Ra8d8
27.Qd1a4 Nd5b6
28.Qa4d1 c4
29.f4 Re8e6
30.Rf2f3 Qd3xd2
31.Qd1f1 f5
32.Rf3f2 Qd2d3
33.g3 Qd3xf1
34.Rf2xf1 Re6e2
35.Kg1 Re2xb2
36.Rf1e1 Kf7
37.Re1e5 g6
38.Re5c5 Rd8d2
39.Rc5c7 Ke6
40.Rc7c6 Kf7
41.Ra1e1 Rd2g2
42.Kf1 Rb2f2
0-1

[Event "Défi"]
[Site "www.echecsemail.com"]
[Date "2026.02.10"]
[Round "1"]
[White "Vvvv"]
[Black "Midas"]
[WhiteElo "1690"]
[BlackElo "1660"]
[Result "1-0"]
1.e4 e5
2.Ng1f3 d6
3.Bf1c4 Bc8g4
4.c3 Ng8f6
5.d3 Bf8e7
6.Bc1g5 Nb8d7
7.Nb1d2 O-O
8.O-O h6
9.Bg5h4 c6
10.Bc4b3 a5
11.a3 Nf6h7
12.Bh4xe7 Qd8xe7
13.Bb3c2 f5
14.d4 f4
15.Bc2b3 Kh8
16.h3 Bg4h5
17.Nf3xe5 Qe7xe5
18.dxe5 Bh5xd1
19.exd6 Bd1h5
20.f3 Nd7e5
21.Bb3e6 Bh5e8
22.Nd2c4 Ne5d7
23.Be6xd7 Be8xd7
24.Nc4b6 Ra8d8
25.Ra1d1 Rf8e8
26.Rf1e1 Nh7f8
27.e5 Nf8e6
28.Re1e4 Re8f8
29.Kf2 Kh7
30.b4 g5
31.bxa5 Ne6c5
32.Nb6xd7 Nc5xe4
33.fxe4 Rd8xd7
34.e6 Rd7g7
35.e7 Rf8e8
36.d7 Rg7xe7
37.dxe8Q Re7xe8
38.Rd1d7 Kg8
39.Kf3 Re8b8
40.e5 b5
41.Rd7c7 { abandon }1-0

[Event "Défi"]
[Site "www.echecsemail.com"]
[Date "2026.02.10"]
[Round "1"]
[White "Degun"]
[Black "Arno"]
[WhiteElo "1940"]
[BlackElo "1730"]
[Result "1-0"]
1.e4 Nb8c6
2.Ng1f3 f5
3.exf5 d5
4.Bf1b5 Bc8xf5
5.Bb5xc6 bxc6
6.Nf3e5 Qd8d6
7.d4 Ng8f6
8.Bc1f4 Qd6b4
9.Nb1d2 Qb4xd4
10.Bf4g3 Nf6e4
11.Nd2xe4 Qd4xe4
12.Qd1e2 Qe4xe2
13.Kxe2 Bf5d7
14.Rh1d1 Ra8c8
15.c4 e6
16.f4 Bf8e7
17.Ra1b1 O-O
18.Ne5xd7 { abandon }1-0

[Event "Jean 8"]
[Site "www.echecsemail.com"]
[Date "2026.02.10"]
[Round "1"]
[White "Patau"]
[Black "Pgo"]
[WhiteElo "1670"]
[BlackElo "1760"]
[Result "1-0"]
1.e4 e5
2.Ng1f3 Nb8c6
3.Nb1c3 Bf8b4
4.Nc3d5 Bb4c5
5.Nf3xe5 Bc5xf2
6.Kxf2 Nc6xe5
7.d4 Ne5c6
8.Bc1e3 Qd8h4
9.Kg1 Qh4xe4
10.Qd1f3 Qe4xf3
11.gxf3 Ng8e7
12.Nd5xc7 Kd8
13.Nc7xa8 Ne7d5
14.Be3f2 f6
15.Bf1d3 h6
16.Ra1e1 d6
17.c3 Nd5f4
18.Re1e3 Bc8h3
19.Bf2g3 g5
20.Kf2 Kd7
21.Rh1e1 Nf4g2
22.Bd3f5 Bh3xf5
23.Kxg2 Rh8xa8
24.d5 Nc6e5
25.Bg3xe5 fxe5
26.c4 b6
27.Re3c3 a5
28.Rc3b3 Bf5c2
29.Rb3xb6 Bc2d3
30.b3 Kc7
31.Rb6c6 Kd7
32.c5 dxc5
33.Re1xe5 Bd3b1
34.a3 Bb1a2
35.Re5e3 a4
36.bxa4 Ba2xd5
37.Rc6xc5 Kd6
38.Rc5c3 Ra8xa4
39.Re3d3 Ke6
40.Kg3 Ra4a5
41.Rd3d4 h5
42.h4 Ke5
43.Rd4b4 gxh4
44.Kxh4 Bd5f7
45.f4 Kd5
46.Kg5 Ke6
47.Kh6 h4
48.a4 Ra5h5
49.Kg7 h3
50.Rc3e3 Kf5
51.Kxf7 h2
52.Rb4b5 Kg4
53.Rb5xh5 Kxh5
54.Re3h3 Kg4
55.Rh3xh2 { abandon }1-0

[Event "Tournoi Hivernal"]
[Site "www.echecsemail.com"]
[Date "2026.02.10"]
[Round "1"]
[White "Turbo"]
[Black "Qsdmlk"]
[WhiteElo "1370"]
[BlackElo "1470"]
[Result "1-0"]
1.d4 d5
2.Ng1f3 Ng8f6
3.Bc1g5 Nb8d7
4.e3 b6
5.Bf1b5 Bc8b7
6.Bg5xf6 exf6
7.O-O Bf8d6
8.Nb1c3 c6
9.Bb5d3 O-O
10.Nc3e2 Rf8e8
11.a3 a5
12.b3 b5
13.Ne2g3 Bb7a6
14.Qd1e1 c5
15.dxc5 Bd6xc5
16.a4 Bc5b4
17.Qe1e2 Nd7c5
18.Nf3e1 Nc5xd3
19.cxd3 d4
20.Ne1c2 Bb4c3
21.Ra1b1 bxa4
22.bxa4 Qd8d7
23.h4 Qd7xa4
24.Nc2xd4 Bc3xd4
25.Qe2g4 Bd4e5
26.f4 Be5d6
27.Ng3f5 g6
28.Nf5xd6 Re8d8
29.Nd6e4 Ba6xd3
30.Ne4c5 Qa4c6
31.Nc5xd3 Rd8xd3
32.h5 f5
33.Qg4g5 Rd3xe3
34.Qg5h6 Qc6c5
35.Kh1 Qc5d5
36.Rf1d1 Qd5e6
37.Rb1b7 gxh5
38.Qh6g5 Kh8
39.Qg5xh5 Qe6b3
40.Rb7xb3 Re3e4
41.Rb3h3 Kg8
42.Qh5xh7 Kf8
43.Qh7h8 { abandon }1-0

[Event "CHATURANGA"]
[Site "www.echecsemail.com"]
[Date "2026.02.10"]
[Round "1"]
[White "Titit1"]
[Black "Casisimed"]
[WhiteElo "1480"]
[BlackElo "1590"]
[Result "0-1"]
1.e4 e5
2.Ng1f3 Ng8f6
3.Bf1c4 Bf8c5
4.h3 O-O
5.O-O d6
6.d3 Bc8e6
7.Bc4xe6 fxe6
8.Bc1g5 Nb8d7
9.Nb1c3 h6
10.Bg5h4 c6
11.a3 g5
12.Bh4g3 g4
13.hxg4 Nf6xg4
14.Nf3d2 Qd8f6
15.Nd2f3 h5
16.Bg3h4 Qf6f4
17.g3 Qf4xf3
18.Qd1d2 Bc5xf2
19.Rf1xf2 Qf3xf2
20.Qd2xf2 Ng4xf2
21.Kg2 Nf2g4
22.b4 Rf8f2
23.Kg1 Rf2xc2
24.Nc3d1 Rc2d2
25.Nd1c3 Rd2xd3
26.Nc3e2 Rd3e3
27.Ne2c1 Re3e1
28.Kg2 Ra8f8
29.Bh4e7 Rf8f2
30.Kh3 Rf2h2
0-1

[Event "Défi"]
[Site "www.echecsemail.com"]
[Date "2026.02.10"]
[Round "1"]
[White "Eclectic"]
[Black "Asvel69"]
[WhiteElo "1790"]
[BlackElo "1760"]
[Result "1-0"]
1.c4 c5
2.Nb1c3 Ng8f6
3.Ng1f3 Nb8c6
4.d4 d6
5.h3 e6
6.e4 Bf8e7
7.Bf1e2 O-O
8.Bc1g5 h6
9.Bg5h4 a6
10.a3 Qd8a5
11.e5 dxe5
12.Nf3xe5 cxd4
13.Ne5xc6 bxc6
14.b4 Qa5c7
15.Qd1xd4 Rf8d8
16.Qd4e3 Nf6h7
17.Bh4xe7 Qc7xe7
18.Ra1d1 Rd8xd1
19.Be2xd1 Bc8d7
20.O-O Qe7f6
21.Bd1c2 e5
22.Qe3d3 Bd7f5
23.Qd3xf5 Qf6xf5
24.Bc2xf5 Ra8d8
25.Rf1d1 Rd8xd1
26.Nc3xd1 g6
27.Bf5d7 Nh7f6
28.Bd7xc6 e4
29.a4 h5
30.b5 axb5
31.axb5 Kf8
32.b6 Ke7
33.b7 { abandon }1-0

[Event "Défi"]
[Site "www.echecsemail.com"]
[Date "2026.02.10"]
[Round "1"]
[White "Cloclo"]
[Black "Arno"]
[WhiteElo "1900"]
[BlackElo "1770"]
[Result "1/2-1/2"]
1.c4 Ng8f6
2.Nb1c3 e5
3.g3 Bf8c5
4.e3 Nb8c6
5.Ng1e2 d5
6.cxd5 Nf6xd5
7.Bf1g2 Bc8e6
8.d4 exd4
9.Ne2xd4 Bc5b4
10.Bc1d2 Nc6xd4
11.exd4 Bb4xc3
12.bxc3 O-O
13.O-O Ra8c8
14.Rf1e1 c6
15.Ra1b1 b6
16.Bg2f1 Nd5e7
17.Bf1a6 Be6h3
18.Ba6xc8 Ne7xc8
19.Qd1f3 c5
20.d5 Nc8d6
21.Re1e5 Nd6c4
22.Re5e2 Qd8d7
23.Rb1e1 Bh3g4
24.Qf3f4 Bg4xe2
25.Re1xe2 Qd7xd5
26.Bd2e1 g5
27.Qf4g4 f6
28.Re2e7 Nc4e5
29.Qg4e2 Ne5f3
30.Kf1 Nf3xh2
31.Kg1 Nh2f3
32.Kf1 Nf3e5
33.Qe2h5 Qd5d3
34.Kg2 Qd3e4
35.Kf1 Qe4d3
36.Kg1 Qd3e4
37.Kf1 Qe4d3
38.Kg1 Qd3e4
39.Kf1 Qe4d3
1/2-1/2

[Event "Défi( 10J+24H/c 10J Max )"]
[Site "www.echecsemail.com"]
[Date "2026.02.10"]
[Round "1"]
[White "Casisimed"]
[Black "Titit1"]
[WhiteElo "1640"]
[BlackElo "1490"]
[Result "1-0"]
1.e4 c6
2.d4 e5
3.Ng1f3 d6
4.dxe5 Qd8a5
5.Bc1d2 Qa5b6
6.exd6 Bf8xd6
7.Bd2c3 f6
8.Bf1c4 Bd6e7
9.Bc3d4 Qb6c7
10.O-O Bc8g4
11.c3 Nb8d7
12.Nb1d2 O-O-O
13.Qd1b3 Be7d6
14.h3 Bg4h5
15.Bc4e6 Ng8e7
16.Be6xd7 Rd8xd7
17.Nd2c4 a6
18.Nc4xd6 Qc7xd6
19.Rf1d1 Rh8d8
20.e5 fxe5
21.Bd4xe5 Qd6g6
22.c4 Qg6e4
23.Rd1xd7 Rd8xd7
24.Ra1e1 Qe4g6
25.Nf3d4 Ne7f5
26.Nd4xf5 Qg6xf5
27.c5 Rd7d3
28.Qb3g8 Kd7
29.Qg8xg7 Ke6
30.Be5c3 Kd5
31.Qg7g8 Kxc5
32.Re1e5 Qf5xe5
33.Bc3xe5 Rd3d1
34.Kh2 Bh5g6
35.Qg8f8 Kb6
36.Qf8b4 Ka7
37.Qb4c5 Ka8
38.Be5d4 Kb8
39.Qc5a7 Kc8
40.Qa7a8 Kc7
41.Bd4e5 Kb6
42.Be5f4 Rd1a1
43.Bf4e3 Kb5
44.Qa8xb7 Kc4
45.Qb7xc6 Kd3
46.Qc6c3 Ke2
47.Qc3d2 Kf1
48.f4 Ra1xa2
49.Qd2f2 1-0

[Event "GIRL"]
[Site "www.echecsemail.com"]
[Date "2026.02.10"]
[Round "1"]
[White "Tartu"]
[Black "Titit1"]
[WhiteElo "1720"]
[BlackElo "1420"]
[Result "0-1"]
1.e4 e5
2.Ng1f3 Nb8c6
3.Nb1c3 Ng8f6
4.Bf1c4 h6
5.h3 Bf8b4
6.d3 O-O
7.O-O d6
8.Bc1d2 Bb4c5
9.a3 Bc5b6
10.b4 Nc6e7
11.Bc4b3 Bc8d7
12.Rf1e1 c6
13.Bd2e3 Bb6c7
14.d4 d5
15.dxe5 Nf6e8
16.exd5 cxd5
17.Nc3xd5 Ne7xd5
18.Bb3xd5 Ra8b8
19.c4 b6
20.Be3f4 Kh8
21.Qd1c2 f6
22.Ra1d1 Qd8c8
23.exf6 Ne8xf6
24.Bf4xc7 Qc8xc7
25.Bd5e6 Bd7xe6
26.Re1xe6 Rb8e8
27.Re6xe8 Rf8xe8
28.a4 Nf6e4
29.Rd1d4 Qc7f4
30.Qc2d1 Qf4b8
31.Rd4d7 Ne4f6
32.Rd7c7 Qb8xc7
33.g3 Qc7xc4
34.b5 Qc4a2
35.Nf3h4 Qa2c4
36.Kg2 Kg8
37.Nh4g6 Qc4e4
{ abandon }0-1

[Event "Défi"]
[Site "www.echecsemail.com"]
[Date "2026.02.10"]
[Round "1"]
[White "Snarf"]
[Black "Asvel69"]
[WhiteElo "1730"]
[BlackElo "1710"]
[Result "1-0"]
1.e4 e5
2.Ng1f3 Nb8c6
3.Bf1b5 d6
4.h3 Bc8d7
5.Nb1c3 Ng8f6
6.d3 h6
7.Bc1e3 a6
8.Bb5a4 Bf8e7
9.Qd1d2 Nc6d4
10.Ba4b3 Nd4xb3
11.axb3 Bd7c6
12.O-O Bc6d7
13.Nc3e2 Qd8c8
14.Kh2 Nf6h7
15.Ne2g1 c6
16.c4 Qc8d8
17.g3 b6
18.Ra1a2 a5
19.Rf1a1 c5
20.Ng1e2 Qd8c8
21.Nf3g1 Qc8d8
22.Ne2c3 Bd7c6
23.f4 exf4
24.Be3xf4 Be7g5
25.Ng1e2 Nh7f6
26.Ra1f1 O-O
27.Bf4xg5 hxg5
28.Qd2xg5 Nf6h7
29.Qg5h5 Nh7f6
30.Qh5f3 Nf6h7
31.Nc3d5 Bc6xd5
32.exd5 Qd8d7
33.Rf1f2 Qd7e8
34.Ra2a1 Nh7g5
35.Qf3f4 f6
36.Ra1e1 Qe8c8
37.Ne2g1 Ng5f7
38.Re1e6 Nf7e5
39.Qf4e4 Qc8d7
40.Ng1f3 Ra8e8
41.d4 Ne5xf3
42.Rf2xf3 Re8xe6
43.dxe6 Qd7e7
44.d5 Rf8b8
45.g4 b5
46.Rf3f2 bxc4
47.bxc4 a4
48.Qe4d3 Rb8b3
49.Qd3c2 Qe7e8
50.Rf2f1 Qe8e7
51.Rf1a1 Qe7e8
52.Qc2d2 Rb3b4
53.Qd2c2 Qe8a8
54.h4 Qa8a6
55.b3 a3
56.Qc2a2 Kf8
57.Qa2xa3 Qa6xa3
58.Ra1xa3 Rb4b8
59.Kg3 g6
60.Kf4 Ke8
61.Ke3 f5
62.gxf5 gxf5
63.Kf4 Ke7
64.Kxf5 Rb8f8
65.Kg4 Kf6
66.h5 Rf8g8
67.Kh4 Kf5
68.Ra3a7 Rg8g4
69.Kh3 Rg4e4
70.Ra7f7 Kg5
71.Rf7d7 Kxh5
72.Rd7xd6 Kg6
73.Rd6c6 Kf6
74.Rc6xc5 Re4e3
75.Kg2 Re3xb3
76.Rc5c7 Rb3e3
77.Rc7f7 Kg6
78.c5 Re3e5
79.Rf7d7 Kf6
80.c6 Re5e2
81.Kf3 Re2c2
82.e7 Kf7
83.c7 Ke8
84.Rd7d8 Kxe7
85.c8Q Rc2xc8
86.Rd8xc8 Kd7
87.Rc8c6 Kd8
88.d6 Kd7
89.Rc6a6 Kd8
90.Ke4 Kd7
91.Ke5 Kd8
92.Ke6 Kc8
93.Ke7 Kb7
94.Ra6a1 { abandon }1-0

[Event "Tournoi échelle élite"]
[Site "www.echecsemail.com"]
[Date "2026.02.10"]
[Round "1"]
[White "Alain64"]
[Black "Domenico"]
[WhiteElo "2060"]
[BlackElo "1810"]
[Result "1-0"]
1.c4 e5
2.Nb1c3 Bf8c5
3.d3 Ng8f6
4.Ng1f3 O-O
5.g3 a6
6.Bf1g2 d6
7.O-O c6
8.Bc1g5 Bc8e6
9.Nc3e4 Nb8d7
10.Ne4xc5 Nd7xc5
11.b4 Nc5d7
12.Qd1c2 Be6f5
13.a4 b5
14.axb5 axb5
15.Ra1xa8 Qd8xa8
16.cxb5 cxb5
17.Nf3xe5 Qa8e8
18.Ne5xd7 Nf6xd7
19.Rf1c1 Qe8e5
20.Bg5f4 Qe5e6
21.e4 Bf5g6
22.d4 Nd7b6
23.Qc2c6 Nb6d7
24.Bf4xd6 Rf8e8
25.d5 Qe6g4
26.h3 Qg4g5
27.Bd6f4 Qg5e7
28.Qc6xb5 h5
29.Rc1e1 Nd7e5
30.d6 Qe7e6
31.Bf4xe5 Qe6xe5
32.Qb5xe5 { abandon }1-0

[Event "Michael Tal 30"]
[Site "www.echecsemail.com"]
[Date "2026.02.10"]
[Round "1"]
[White "Connecticcut"]
[Black "Dameroi"]
[WhiteElo "1900"]
[BlackElo "1880"]
[Result "0-1"]
1.e4 e5
2.Bf1c4 Bf8c5
3.Ng1f3 d6
4.h3 Bc8e6
5.Bc4xe6 fxe6
6.d4 exd4
7.O-O Nb8c6
8.Bc1f4 e5
9.Bf4g5 Ng8f6
10.a3 O-O
11.Qd1d3 Qd8e8
12.Nb1d2 Nc6d8
13.Qd3c4 Qe8e6
14.Qc4xe6 Nd8xe6
15.Bg5h4 a5
16.Bh4g3 Nf6h5
17.Bg3h4 Nh5f4
18.Nf3g5 Ne6xg5
19.Bh4xg5 Nf4e6
20.Bg5h4 Bc5b6
21.Nd2c4 Bb6c5
22.Kh2 b5
23.Nc4d2 Rf8f7
24.Nd2f3 Ra8f8
25.Ra1d1 Bc5b6
26.b4 a4
27.Bh4g3 c6
28.c3 h6
29.cxd4 Ne6xd4
30.Nf3xd4 Bb6xd4
31.Kg1 c5
32.bxc5 dxc5
33.Rd1b1 Rf7b7
34.Kh2 b4
35.axb4 cxb4
36.f3 b3
37.f4 b2
38.Rf1f3 Rb7b3
39.Rf3xb3 axb3
40.f5 Rf8c8
{ abandon }0-1

[Event "Défi( 10J+24H/c 10J Max )"]
[Site "www.echecsemail.com"]
[Date "2026.02.10"]
[Round "1"]
[White "Titit1"]
[Black "Whisky"]
[WhiteElo "1440"]
[BlackElo "1300"]
[Result "1-0"]
1.e4 d5
2.exd5 Qd8xd5
3.Nb1c3 Qd5e6
4.Bf1e2 Ng8f6
5.Ng1f3 Nf6e4
6.Nf3d4 Ne4xc3
7.dxc3 Qe6d5
8.Be2f3 Qd5e5
9.Bc1e3 c5
10.Nd4b5 e6
11.O-O Nb8d7
12.Rf1e1 Bf8d6
13.Nb5xd6 Ke7
14.Nd6c4 Qe5f6
15.Qd1d2 Ra8b8
16.Ra1d1 Nd7b6
17.Nc4xb6 axb6
18.Be3g5 h6
19.Bg5xf6 gxf6
20.Re1e2 h5
21.Bf3d5 Rh8d8
22.Qd2f4 Bc8d7
23.Rd1d3 e5
24.Qf4e4 Bd7c6
25.Bd5xc6 Rd8xd3
26.cxd3 { abandon }1-0

[Event "Tournoi n27441"]
[Site "www.echecsemail.com"]
[Date "2026.02.10"]
[Round "1"]
[White "Tiounet"]
[Black "Ozon"]
[WhiteElo "1630"]
[BlackElo "1620"]
[Result "0-1"]
1.a3 e5
2.b4 d5
3.Bc1b2 f6
4.g3 Bf8d6
5.Bf1g2 Ng8e7
6.e3 O-O
7.Ng1e2 Bc8f5
8.O-O Nb8d7
9.d3 c5
10.bxc5 Nd7xc5
11.Nb1c3 Qd8b6
12.Ra1b1 Ra8c8
13.Nc3xd5 Ne7xd5
14.Bg2xd5 Bf5e6
15.Bd5g2 Qb6c7
16.c4 Be6f5
17.d4 exd4
18.Ne2xd4 Bf5xb1
19.Qd1xb1 Nc5a4
20.Nd4b5 Qc7b6
21.Bg2d5 Kh8
22.Nb5xd6 Qb6xd6
23.Bb2d4 b6
24.Qb1b5 Na4c5
25.Qb5b4 Rf8d8
26.Rf1d1 a5
27.Qb4b5 Nc5d7
28.a4 Rc8b8
29.Bd5c6 Nd7e5
30.Kg2 Qd6xc6
31.Qb5xc6 Ne5xc6
{ abandon }0-1

[Event "Tournoi n27445"]
[Site "www.echecsemail.com"]
[Date "2026.02.10"]
[Round "1"]
[White "Wenoketo"]
[Black "Gognol"]
[WhiteElo "1720"]
[BlackElo "1890"]
[Result "0-1"]
1.d4 d5
2.Ng1f3 h6
3.e3 Ng8f6
4.Bf1e2 e6
5.O-O Nf6e4
6.Nb1d2 Qd8f6
7.Nd2xe4 dxe4
8.Nf3d2 Qf6g6
9.Be2h5 Qg6f5
10.Qd1g4 Qf5xg4
11.Bh5xg4 f5
12.Bg4h5 Ke7
13.b3 b6
14.Bc1a3 Kd7
15.Ba3xf8 Rh8xf8
16.Nd2c4 Nb8c6
17.f3 Bc8a6
18.Rf1d1 Nc6e7
19.f4 Ne7d5
20.Nc4e5 Kc8
21.Kf2 Nd5c3
22.Rd1c1 Ba6b5
23.Ne5g6 Rf8f6
24.a4 Bb5c6
25.Ng6e7 Kb7
26.Ne7xc6 Kxc6
27.b4 a5
28.b5 Kb7
29.Ra1a3 Nc3d5
30.c4 Nd5b4
31.Bh5e2 g5
32.g3 g4
33.c5 h5
34.c6 Ka7
35.Rc1c3 Ra8d8
36.Be2c4 Kb8
37.Ke2 Rf6h6
38.Ra3a1 Rd8e8
39.Ra1d1 Re8d8
40.Rc3a3 Rd8d6
41.Rd1d2 Kc8
42.Ra3a1 Kd8
43.Ra1d1 Nb4d5
44.Bc4b3 Nd5c3
45.Ke1 Nc3xd1
46.Kxd1 h4
47.Rd2g2 hxg3
48.hxg3 Ke7
49.Kd2 Rd6d8
50.Kc3 Rd8h8
51.Kd2 Rh6h2
{ abandon }0-1

[Event "Transval 2"]
[Site "www.echecsemail.com"]
[Date "2026.02.10"]
[Round "1"]
[White "Janolapin"]
[Black "Fouvolant"]
[WhiteElo "1690"]
[BlackElo "1370"]
[Result "1-0"]
1.d4 Ng8f6
2.Nb1c3 d5
3.Ng1f3 e6
4.Bc1g5 Bf8e7
5.e3 O-O
6.Bf1d3 Nb8d7
7.O-O c6
8.a3 h6
9.Bg5xf6 Be7xf6
10.Nc3e2 Nd7b6
11.b3 Qd8c7
12.Ra1c1 Qc7b8
13.c4 e5
14.dxe5 Bf6xe5
15.Nf3xe5 Qb8xe5
16.cxd5 Nb6xd5
17.Rf1e1 Rf8e8
18.Qd1d2 Bc8d7
19.Ne2g3 Nd5f6
20.Qd2c3 Qe5c7
21.Re1d1 Ra8d8
22.Ng3f5 Nf6e4
23.Bd3xe4 { abandon }1-0

[Event "Tournoi n27459"]
[Site "www.echecsemail.com"]
[Date "2026.02.10"]
[Round "1"]
[White "Jlr"]
[Black "Tiounet"]
[WhiteElo "1430"]
[BlackElo "1630"]
[Result "1-0"]
1.f4 b5
2.e4 Bc8b7
3.Qd1e2 a6
4.b4 e6
5.Nb1c3 Bf8xb4
6.a3 Bb4f8
7.Qe2d3 g6
8.Bc1b2 Bf8g7
9.a4 b4
10.e5 Ng8e7
11.Nc3e2 a5
12.Qd3b5 Qd8c8
13.Ne2g3 Bb7a6
14.Qb5c5 Ba6xf1
15.Kxf1 Nb8c6
16.Ng1f3 O-O
17.Nf3g5 Ne7d5
18.d4 Nd5xf4
19.Ng3e4 Kh8
20.g3 Nf4d5
21.Ra1e1 Qc8a6
22.Kf2 Qa6a7
23.Qc5xa7 Ra8xa7
24.c4 Nd5c3
25.Ne4c5 Nc6xd4
26.Nc5xd7 Rf8d8
27.Ng5xf7 Kg8
28.Nf7xd8 Nc3xa4
29.Bb2xd4 Ra7a6
30.Re1a1 c6
31.Ra1xa4 { abandon }1-0

[Event "Défi"]
[Site "www.echecsemail.com"]
[Date "2026.02.10"]
[Round "1"]
[White "Tinenfant"]
[Black "Intrigue"]
[WhiteElo "1880"]
[BlackElo "1750"]
[Result "0-1"]
1.e4 d5
2.exd5 Qd8xd5
3.Nb1c3 Qd5a5
4.d4 c6
5.Bc1d2 Ng8f6
6.Ng1f3 Bc8g4
7.Bf1e2 e6
8.O-O Qa5c7
9.h3 Bg4xf3
10.Be2xf3 Bf8e7
11.Bd2e3 Nb8d7
12.Qd1d2 O-O
13.Ra1d1 a6
14.a3 Ra8d8
15.Qd2e2 Be7d6
16.Rd1d3 Rf8e8
17.Rf1d1 h6
18.Nc3e4 Nf6xe4
19.Bf3xe4 Nd7f6
20.Be4f3 Nf6d5
21.Bf3xd5 exd5
22.Qe2g4 Kh8
23.Qg4h5 Bd6f4
24.Be3xf4 Qc7xf4
25.Rd3f3 Qf4g5
26.Qh5xg5 hxg5
27.Rf3xf7 Rd8b8
28.Kf1 Kg8
29.Rf7f5 Re8e7
30.Rf5xg5 Rb8e8
31.f4 Kf7
32.Rg5e5 Kf6
33.Rd1e1 g6
34.c3 b5
35.Kf2 a5
36.Kf3 Re7xe5
37.Re1xe5 Re8b8
38.g4 a4
39.h4 Rb8h8
40.Kg3 Rh8c8
41.h5 gxh5
42.gxh5 Rc8g8
43.Kh3 Rg8g1
44.Kh2 Rg1b1
45.h6 Rb1xb2
46.Kh3 Kg6
47.Re5e6 Kh7
48.f5 Rb2b3
49.Re6xc6 Rb3xa3
50.Kg4 Ra3a1
51.Kf4 a3
52.Ke5 a2
53.Kxd5 Ra1f1
{ abandon }0-1